Derechas locales, ¿tendencias globales?: Hungría, Polonia y más allá /
Salvato in:
| Autore principale: | |
|---|---|
| Natura: | Libro |
| Lingua: | Spanish |
| Tags: |
Aggiungi Tag
Nessun Tag, puoi essere il primo ad aggiungerne!!
|
MARC
| LEADER | 00000nam a22000007a 4500 | ||
|---|---|---|---|
| 003 | cru CIDCACS/IIS | ||
| 005 | 20170406105756.0 | ||
| 007 | ta | ||
| 008 | 170406e2017 ag ||||| |||| 00| 0 spa d | ||
| 040 | |c cru CIDCACS/IIS | ||
| 100 | 1 | |9 3994 |a Várnagy, Tomás | |
| 245 | 1 | |a Derechas locales, ¿tendencias globales?: |b Hungría, Polonia y más allá / |c Tomás Várnagy | |
| 300 | |a páginas 72-87 | ||
| 773 | 0 | |0 19022 |9 587 |a Fundación Friedrich Ebert |d Fundación Friedrich Ebert; Nueva Sociedad |o R19292 |t Nueva Sociedad / | |
| 942 | |2 ddc |c PP | ||
| 999 | |c 19145 |d 19145 | ||
